An exposition of the seven church ages. (Record no. 16213)

000 -LEADER
fixed length control field 00494nam a2200169 a 4500
001 - CONTROL NUMBER
control field :::00019019$&:&@@
003 - CONTROL NUMBER IDENTIFIER
control field OkBaRHE
005 - DATE AND TIME OF LATEST TRANSACTION
control field 20010208102016.0
008 - FIXED-LENGTH DATA ELEMENTS--GENERAL INFORMATION
fixed length control field j 000 0 eng u
040 ## - CATALOGING SOURCE
Transcribing agency
100 1# - MAIN ENTRY--PERSONAL NAME
Personal name Branham, William Marrion (1909-1965)
245 13 - TITLE STATEMENT
Title An exposition of the seven church ages.
260 ## - PUBLICATION, DISTRIBUTION, ETC. (IMPRINT)
Place of publication, distribution, etc Tuscon, Arizona
300 ## - PHYSICAL DESCRIPTION
Extent 381 p.
942 ## - ADDED ENTRY ELEMENTS (KOHA)
Source of classification or shelving scheme
Koha item type Books
Copies
Price effective from Koha item type Date acquired Damaged status Shelving location Barcode Copy number Date last seen Permanent Location Source of classification or shelving scheme Full call number Not for loan Withdrawn status Lost status
2010-04-14Books2010-04-14 General Stacks1901912010-04-14RHEMA Bible Training College BX 2825 .B7